Statistics for Musicians By Initial: The Letter A

Click here to take the quiz!

General Stats

  • This quiz has been taken 466 times
  • The average score is 8 of 20

Answer Stats

ClueAnswer% Correct
AWUK female singer, died tragically young in 2011. Had hits with 'Valerie' and 'Rehab'Amy Winehouse
94%
AC"The Godfather of Shock Rock", he declared 'Schools Out' forever" in 1972.Alice Cooper
79%
AVClassical composer of 'The Four Seasons'Antonio Vivaldi
75%
AYLegendary lead guitarist of AC DCAngus Young
68%
AAMr "Goody Two Shoes"Adam Ant
56%
AG1979 UK no.1 with Bright Eyes. Previously one half of best selling 60's folk-rock group.Art Garfunkel
54%
AKHer debut album, Songs in A Minor, sold over 12 million copies worldwide.Alicia Keys
50%
AJStar of the first talkie; The Jazz Singer (1927)Al Jolson
47%
ADCzech classical composer, best known for his 'New World Symphony'Antonin Dvorak
44%
AMFormer singer with Yazoo, solo singles included 'Invisible' and 'Love Resurrection'Alison Moyet
32%
ASMember of a famous three-piece that also included Stewart Copeland and Sting.Andy Summers
32%
ATLead singer of the Arctic MonkeysAlex Turner
25%
AFDisc Jockey credited with inventing the phrase "Rock and Roll"Alan Freed
21%
AH'It Never Rains In Southern California'Albert Hammond
17%
APKeyboard player with the Animals. Later had a solo hit in the UK with the 'Jarrow Song'Alan Price
16%
AOAmerican Soul 80's singer, had hits with 'Fake' and 'Criticize'Alexander O'Neal
15%
ABHad a disco hit in 1978 with 'I Love The Nightlife'Alicia Bridges
11%
ALSong writer, vocalist and main man behind 60's band 'Love'Arthur Lee
10%
ARBass player with The SmithsAndy Rourke
9%
ANFemale vocalist with ChumbawambaAlice Nutter
6%

Score Distribution

Percentile by Number Answered

Percent of People with Each Score

Your Score History

You have not taken this quiz